Focus sur: Adelard Touque - Tolkien - Statistiques

Statistiques générales
  • Ce quiz a été pris 6 fois
  • Le résultat moyen est 5 sur 9
Statistiques - réponses
Informations recherchées Réponses % Correct
Contrée Comté
100%
Espèce Hobbit
100%
Première mention Le Seigneur des Anneaux: La Communauté de l'Anneau
100%
Age durant lequel il vécut Troisième
100%
Ville Bourg-de-Touque
83%
Autre traduction du nom Touc
33%
Everard Touque
0%
Père Flambard Touque
0%
Fils Réginard Touque
0%
Aucun quiz correspondant
Distribution des résultats
% des personnes avec chaque résultat
Percentile par nombre de réponses
Votre historique - résultats
Vous n’avez pas pris ce quiz